| Tag |
First Indicator |
Second Indicator |
Subfields |
| LEADER |
00000nam a2200000 4500 |
| 001 |
in00004229421 |
| 005 |
20200806095528.0 |
| 006 |
m g d |
| 007 |
cr bn |||a|bb| |
| 008 |
910211s1566 enk o 00| | eng d |
| 035 |
|
|
|a (UnM)99840344
|
| 037 |
|
|
|a CL0036000016
|b ProQuest. 789 E. Eisenhower Parkway, Ann Arbor, MI 48108-3218
|
| 037 |
|
|
|a CL0036000006
|b ProQuest. 789 E. Eisenhower Parkway, Ann Arbor, MI 48108-3218
|
| 040 |
|
|
|a Cu-RivES
|c Cu-RivES
|d CStRLIN
|e dcrb
|d WaOLN
|
| 100 |
1 |
|
|a Blundeville, Thomas,
|d fl. 1561.
|
| 245 |
0 |
4 |
|a The fower chiefyst offices belongyng to horsemanshippe :
|b that is to saye. The office of the breeder, of the rider, of the keper, and of the ferrer. In the firste parte wherof is declared the order of breding of horses. In the seconde howe to breake them, and to make theym horses of seruyce, conteyninge the whole art of ridynge lately set forth, and nowe newly corrected and amended of manye faultes escaped in the fyrste printynge, as well touchyng the bittes as other wyse. Thirdely howe to dyet them, aswell when they reste as when they trauell by the way. Fourthly to what diseases they be subiecte, together with the causes of such diseases, the sygnes howe to knowe them, and finally howe to cure the same. Whyche bookes are not onely paynfully collected out of a nomber of aucthours, but also orderly dysposed and applyed to the vse of thys oure cou[n]trey. By Tho. Blundeuill of Newton Flotman in Norff.
|
| 246 |
2 |
|
|a Arte of rydynge.
|
| 246 |
2 |
|
|a Order of dietynge of horses.
|
| 246 |
2 |
|
|a Order of curing horses diseases.
|
| 246 |
2 |
|
|a True arte of paring, and shooyng all maner of houes.
|
| 246 |
2 |
|
|a True arte of paring, and shooyng all maner of hoves.
|
| 260 |
|
|
|a Imprinted at London :
|b By VVyllyam Seres dwellyng at the west ende of Paules churche, at the signe of the Hedgehogge. Cum priuilegio ad imprimendum solum,
|c [1566]
|
| 300 |
|
|
|a 1 online resource ([3], 33; [9], 79, [26]; [4], 32; [4], 120, 120-123, 14 leaves :
|b illustrations.
|
| 336 |
|
|
|a text
|b txt
|2 rdacontent
|
| 337 |
|
|
|a computer
|b c
|2 rdamedia
|
| 338 |
|
|
|a online resource
|b cr
|2 rdacarrier
|
| 500 |
|
|
|a In four parts. Part 2, an abridgement and adaptation of "Ordini de cavalcare" by Federico Grisone, was previously published as STC 3158.
|
| 500 |
|
|
|a "The arte of rydynge", "The order of dietynge of horses", and "The order of curing horses diseases" each has separate title page, foliation and register; the latter two title pages have imprints dated 1565 and 1566 respectively. Within the last register, "The true arte of paring, and shooyng all maner of houes" (caption title) has separate foliation.
|
| 500 |
|
|
|a Leaf 120 (second count) misnumbered 105.
|
| 500 |
|
|
|a Part 4 identified as STC 3159 on UMI microfilm reel 175.
|
| 500 |
|
|
|a Reproductions of the originals in the British Library and the Henry E. Huntington Library and Art Gallery.
|
| 500 |
|
|
|a Appears at reel 523 (British Library copy) and at reel 175 (Henry E. Huntington Library and Art Gallery copy).
|
| 510 |
4 |
|
|a STC (2nd edition)
|c 3152.
|
| 533 |
|
|
|a Electronic reproduction.
|b Ann Arbor, Mich. :
|c UMI,
|d 1999-
|f (Early English books online)
|n Digital version of: (Early English books, 1475-1640 ; 523:1, 175:15)
|7 s1999 miun s
|
| 650 |
|
0 |
|a Horses
|v Early works to 1800.
|
| 650 |
|
0 |
|a Horsemanship
|v Early works to 1800.
|
| 700 |
1 |
|
|a Grisone, Federico.
|t Ordini di cavalcare.
|
| 830 |
|
0 |
|a Early English books online.
|
| 856 |
4 |
0 |
|u http://proxy.library.tamu.edu/login?url=https://search.proquest.com/docview/2264177001
|z Connect to the full text of this electronic book
|t 0
|
| 856 |
4 |
0 |
|u http://proxy.library.tamu.edu/login?url=https://search.proquest.com/docview/2264183734
|z Connect to the full text of this electronic book
|t 0
|
| 999 |
f |
f |
|s 56fb5c63-8716-36bb-88de-f10e3e7feff9
|i 15cb0d97-24a4-33db-950e-5fd0b9fb7b8e
|t 0
|
| 952 |
f |
f |
|a Texas A&M University
|b College Station
|c Electronic Resources
|d Available Online
|t 0
|h No information provided
|
| 998 |
f |
f |
|t 0
|l Available Online
|